000 00387nam a22001577a 4500
999 _c2854
_d2854
008 200317b ||||| |||| 00| 0 eng d
082 0 0 _a546
_bK332
100 _92463
_aKendall, James.
245 1 0 _aSmith's inorganic chemistry
_cby James. Kendall
250 _a2nd rev
260 _aLondon
_bBell
_c1926
300 _axxiv,954 p.
365 _d13.08
650 0 _aChemistry
942 _cBK